Catalog

Record Details

Catalog Search



Hlavu vzhůru po rozvodu?! : cesta k fungujícímu rodičovskému týmu  Cover Image Book Book

Hlavu vzhůru po rozvodu?! : cesta k fungujícímu rodičovskému týmu / Milena Mikulková a kol.

Summary:

Co předchází rozvodu či rozchodu, v jakých fázích vztahu se lidé rozcházejí a co přináší tolik zklamání v blízkých vztazích? Co hledáme v rozhodnutí „pojďme od sebe“? Jsou-li navíc v rodině rozcházejících se partnerů děti, vnímání jejich potřeb a zvládání nové situace zaslouží zvláštní ohled. Je možné se rozejít důstojně a s konstruktivním pohledem do budoucnosti? Co je k tomu potřeba a kde se to naučit?

Record details

  • ISBN: 978-80-271-1702-4
  • Physical Description: 229 stran : ilustrace ; 24 cm
  • Edition: První vydání
  • Publisher: Praha : Grada Publishing, 2021

Content descriptions

Bibliography, etc. Note:
Obsahuje bibliografii
Genre: příručky

Available copies

  • 1 of 1 copy available at Common Catalog SPOK.

Holds

  • 0 current holds with 1 total copy.
Show Only Available Copies
Location Call Number / Copy Notes Barcode Shelving Location Status Due Date
Jabok Library Ped-7.2.2 424480044219 Odborná literatura Available -

LDR 01561nam a2200301 i 4500
00150058
003CZ-PrJAB
00520211129093033.0
008211122s2021 xr ||| | cze
020 . ‡a978-80-271-1702-4 ‡q(brožováno) : ‡cKč 289,00
035 . ‡a(CZ PrSKC)002200000387167
040 . ‡aTUG001 ‡bcze ‡erda
072 7. ‡a364 ‡xSociální problémy vyžadující podporu a pomoc. Sociální zabezpečení ‡2Konspekt
1001 . ‡aMikulková, Milena, ‡d1963- ‡7xx0200051 ‡4aut
24510. ‡aHlavu vzhůru po rozvodu?! : ‡bcesta k fungujícímu rodičovskému týmu / ‡cMilena Mikulková a kol.
250 . ‡aPrvní vydání
264 1. ‡aPraha : ‡bGrada Publishing, ‡c2021
300 . ‡a229 stran : ‡bilustrace ; ‡c24 cm
336 . ‡atext ‡btxt ‡2rdacontent
337 . ‡abez média ‡bn ‡2rdamedia
338 . ‡asvazek ‡bnc ‡2rdacarrier
504 . ‡aObsahuje bibliografii
5202 . ‡aCo předchází rozvodu či rozchodu, v jakých fázích vztahu se lidé rozcházejí a co přináší tolik zklamání v blízkých vztazích? Co hledáme v rozhodnutí „pojďme od sebe“? Jsou-li navíc v rodině rozcházejících se partnerů děti, vnímání jejich potřeb a zvládání nové situace zaslouží zvláštní ohled. Je možné se rozejít důstojně a s konstruktivním pohledem do budoucnosti? Co je k tomu potřeba a kde se to naučit?
6530 . ‡arozvod ‡arodičovství ‡aděti rozvedených rodičů ‡avýchova dítěte
655 7. ‡apříručky ‡7fd133209 ‡2czenas
910 . ‡aABG312
995 . ‡aska
901 . ‡a50058 ‡bAUTOGEN ‡c50058 ‡tbiblio

Additional Resources